Oravica - Juránová dolina

Zobrazenie: Pohľad v bielom orámovaní na tiesňavu medzi vysokými skalami, na vrchole zarastenými ihličnatými stromami. Dole medzi skalami vidno z dreva vytvorený turistický chodník

Podrobná bibliografia
Médium: Pohľadnica
Jazyk:slovenčina
Fyzický popis:1 pohľadnica kolorovaná 14 x 9 cm
Vydavateľské údaje: Lipt. Sv. Mikuláš Lumen [medzi 1922 a 1941?]
Predmet:

MARC

LEADER 00000nkm a2200000 a 4500
001 vtls011993523
003 SK-MaSNL
005 20260512130119.0
007 kp ho
008 231121q1922 xo g kuslo
015 |a SNBG 
035 |a urn:nbn:sk:snk-km00fd0s 
035 |a urn:nbn:sk:snk-km45ts9 
035 |a 37917C27-7A0D-454F-8AEA-64A0CEADAD95 
040 |a SNK  |b slo  |c SNK  |e AACR2 
041 0 |a slo 
043 |a e-xo--- 
044 |a xo  |c SK 
072 7 |a 908(437)  |x Vlastiveda Česka a Slovenska  |2 konspekt 
080 |a 908(437.6)  |2 2011 
080 |a 796.5:625.711.8  |2 2011 
080 |a (084.121)  |2 2011 
080 |a 551.435.4  |2 2011 
080 |a 911.2(23.046)  |2 2011 
080 |a 551.4.036  |2 2011 
245 0 0 |a Oravica - Juránová dolina  |h grafika 
260 |a Lipt. Sv. Mikuláš  |b Lumen  |c [medzi 1922 a 1941?] 
300 |a 1 pohľadnica  |b kolorovaná  |c 14 x 9 cm 
500 |a Názvové údaje prevzaté z obrazovej časti pohľadnice 
500 |a Číslo záberu 1747 
500 |a Na adresnej časti pohľadnice je uvedené: "Pravá fotografia. Reprodukčné právo je vyhradené." 
520 8 |a Zobrazenie: Pohľad v bielom orámovaní na tiesňavu medzi vysokými skalami, na vrchole zarastenými ihličnatými stromami. Dole medzi skalami vidno z dreva vytvorený turistický chodník 
650 0 7 |a turistické chodníky  |2 SNKPH  |9 71065 
650 0 7 |a skalné útvary  |2 SNKPH  |9 115197 
650 0 7 |a doliny  |2 SNKPH  |9 256361 
651 7 |a Oravice (Tvrdošín, Slovensko)  |2 SNKPHgeo  |9 160835 
651 7 |a Juráňova dolina (Slovensko)  |2 SNKPHgeo  |9 74672 
655 7 |a geografické pohľadnice  |2 SNKPH  |9 70522 
752 |a Slovensko  |d Liptovský Mikuláš 
852 |a Slovenská národná knižnica 
958 |a GC 
958 |a GBN 
958 |a OND 
958 |a EUIPO 
999 |c 1129205  |d 1131135 
952 |a SNK  |b SNK  |y PREZ  |7 0  |p 17A1290011  |o snkSP 105802  |0 0  |1 0  |4 0  |d 2020-09-22  |f 1  |l 0  |r 2026-02-24 18:57:05  |w 2026-02-24